000 00557nam a2200169Ia 4500
999 _c13470
_d13470
003 OSt
005 20201023132934.0
008 190216s9999||||xx |||||||||||||| ||und||
040 _coclc
082 _a813.0108
_bHIL/G
100 _aHills, L Rust
_95361
245 0 _aGreat Esquire Fiction :
_bThe finest stories from the first fifty years /
_c L Rust Hills
260 _bPrentice Hall Of India Pvt Ltd,
_c1986.
_anew delhi :
300 _a578p
650 _aEnglish Short Stories
942 _cBK
_2ddc
_h813.018
_iHIL/G
_k813.018
_mHIL/G